| 000 | 00683aaa a2200229 4500 | ||
|---|---|---|---|
| 001 | 13966 | ||
| 003 | BD-JhCC | ||
| 005 | 20240519170738.0 | ||
| 008 | 171002s20082017bg |||| ||a| 001 0 ben d | ||
| 020 | _a9847011600154 | ||
| 035 | _a(BD-JhCC)13966 | ||
| 040 |
_aBD-JhCC _dBD-JhCC |
||
| 041 | _aBengali | ||
| 082 |
_a891.443 _bAHM 2017 |
||
| 100 | _aআহমেদ, হুমায়ুন | ||
| 245 |
_aঅতিপ্রাকৃত / _b হুমায়ুন আহমেদ । |
||
| 260 |
_aঢাকা : _bঅম্বেষা প্রকাশন; _c2017. |
||
| 300 |
_a480 p. : _c22cm. |
||
| 650 | _aBengali Novel | ||
| 942 |
_2ddc _cBK |
||
| 999 |
_c13966 _d13966 |
||